<?xml version="1.0" encoding="UTF-8"?>
<record
    xmlns:xsi="http://www.w3.org/2001/XMLSchema-instance"
    xsi:schemaLocation="http://www.loc.gov/MARC21/slim http://www.loc.gov/standards/marcxml/schema/MARC21slim.xsd"
    xmlns="http://www.loc.gov/MARC21/slim">

  <leader>01964nam a22002057a 4500</leader>
  <controlfield tag="003">IT-MiCISF</controlfield>
  <controlfield tag="005">20201001115739.0</controlfield>
  <controlfield tag="008">201001b           ||||| |||| 00| 0 eng d</controlfield>
  <datafield tag="040" ind1=" " ind2=" ">
    <subfield code="c">IT-MiCISF</subfield>
  </datafield>
  <datafield tag="041" ind1=" " ind2=" ">
    <subfield code="a">it</subfield>
  </datafield>
  <datafield tag="100" ind1=" " ind2=" ">
    <subfield code="a">D'Auria Alberto</subfield>
    <subfield code="9">58550</subfield>
  </datafield>
  <datafield tag="245" ind1=" " ind2=" ">
    <subfield code="a">Educare &#xE8; ancora possibile</subfield>
    <subfield code="b">Le difficolt&#xE0; con i nostri figi: una sfida da raccogliere, un'occasione per crescere insieme</subfield>
  </datafield>
  <datafield tag="260" ind1=" " ind2=" ">
    <subfield code="a">Cantalupa (TO)</subfield>
    <subfield code="b">Effat&#xE0;</subfield>
    <subfield code="c">2020</subfield>
  </datafield>
  <datafield tag="300" ind1=" " ind2=" ">
    <subfield code="a">pp. 207</subfield>
  </datafield>
  <datafield tag="500" ind1=" " ind2=" ">
    <subfield code="a">educazione-familiare, educazione-genitori, crescita-bambini, nuovi-media</subfield>
  </datafield>
  <datafield tag="520" ind1=" " ind2=" ">
    <subfield code="a">Quante volte abbiamo sentito dire che il &#xAB;mestiere di genitore&#xBB; &#xE8; il pi&#xF9; difficile del mondo. In effetti l'aver a che fare con la formazione e l'educazione di un individuo &#xE8; una grande responsabilit&#xE0; ed &#xE8; normale a volte provare un senso di smarrimento e di preoccupazione o la paura di essere inadeguati di fronte a questo grande compito. Non &#xE8; facile, ma questo non significa arrendersi all'inevitabilit&#xE0; dello scontro con il figlio adolescente, o al fatto di commettere qualche errore: a tutti pu&#xF2; capitare di sbagliare, l'importante &#xE8; apprendere dai propri errori. Compito dei genitori &#xE8; consegnare ai figli quegli &#xAB;strumenti&#xBB; di cui ogni individuo ha bisogno al fine di trovare un'integrazione sociale, una realizzazione personale e una partecipazione attiva al mondo che cambia. Questo libro non ha la pretesa di essere un compendio sull'educazione dei figli, ma vuole farci riflettere, fornirci idee e informazioni che possiamo utilizzare per migliorare il nostro modo di educare. Nell'educazione &#xE8; importante conoscere sempre di pi&#xF9; i nostri ragazzi per cercare di comprenderli e, in alcuni casi, aiutarli. Qualunque azione rivolta ai nostri figli deve essere sempre improntata all'amore incondizionato verso di loro, al rispetto che si deve ad ogni individuo e ad una abbondante dose di buon senso.</subfield>
  </datafield>
  <datafield tag="650" ind1=" " ind2=" ">
    <subfield code="a">educazione</subfield>
    <subfield code="9">56062</subfield>
  </datafield>
  <datafield tag="654" ind1=" " ind2=" ">
    <subfield code="a">saggio</subfield>
  </datafield>
  <datafield tag="942" ind1=" " ind2=" ">
    <subfield code="2">ddc</subfield>
    <subfield code="c">BK</subfield>
  </datafield>
  <datafield tag="999" ind1=" " ind2=" ">
    <subfield code="c">358948</subfield>
    <subfield code="d">358948</subfield>
  </datafield>
  <datafield tag="952" ind1=" " ind2=" ">
    <subfield code="0">0</subfield>
    <subfield code="1">0</subfield>
    <subfield code="2">ddc</subfield>
    <subfield code="4">0</subfield>
    <subfield code="6">B_7603_000000000000000</subfield>
    <subfield code="7">1</subfield>
    <subfield code="a">CISF</subfield>
    <subfield code="b">CISF</subfield>
    <subfield code="d">2020-10-01</subfield>
    <subfield code="l">0</subfield>
    <subfield code="o">b7603</subfield>
    <subfield code="p">9788869295102</subfield>
    <subfield code="r">2020-10-01 00:00:00</subfield>
    <subfield code="w">2020-10-01</subfield>
    <subfield code="y">BK</subfield>
  </datafield>
</record>
